Renting (Record no. 105433)
[ view plain ]
| 000 -LEADER | |
|---|---|
| fixed length control field | 01020cam a2200217 4500 |
| 001 - CONTROL NUMBER | |
| control field | ##L133612 |
| 008 - FIXED-LENGTH DATA ELEMENTS--GENERAL INFORMATION | |
| fixed length control field | 060523n2004 000 0 eng u |
| 035 ## - SYSTEM CONTROL NUMBER | |
| System control number | (Sirsi) u133612 |
| 041 0# - LANGUAGE CODE | |
| Language code of text/sound track or separate title | eng |
| 050 04 - LIBRARY OF CONGRESS CALL NUMBER | |
| Classification number | 346.4104342 $2 18 |
| 110 2# - MAIN ENTRY--CORPORATE NAME | |
| Corporate name or jurisdiction name as entry element | Royal Institution of Chartered Surveyors |
| 9 (RLIN) | 4900 |
| 245 00 - TITLE STATEMENT | |
| Title | Renting |
| Remainder of title | what every tenant should know |
| 260 ## - PUBLICATION, DISTRIBUTION, ETC. | |
| Place of publication, distribution, etc. | London |
| Name of publisher, distributor, etc. | RICS |
| Date of publication, distribution, etc. | 2004 |
| 300 ## - PHYSICAL DESCRIPTION | |
| Extent | 1 |
| Type of unit | folded leaflet |
| Dimensions | 21cm. |
| 505 2# - FORMATTED CONTENTS NOTE | |
| Formatted contents note | What can you afford? -- The letting and management agent -- When you find a property -- References -- Tenancy agreement and deposit -- Moving in -- Looking after your rented property -- How RICS can help you |
| 520 ## - SUMMARY, ETC. | |
| Summary, etc. | Provides advice aimed at the general public on renting a flat or house. |
| 651 #4 - SUBJECT ADDED ENTRY--GEOGRAPHIC NAME | |
| Geographic name | England and Wales |
| Chronological subdivision | 1543- |
| 690 ## - LOCAL SUBJECT ADDED ENTRY--TOPICAL TERM (OCLC, RLIN) | |
| Topical term or geographic name as entry element | PROPERTY-RESIDENTIAL PROPERTY-RESIDENTIAL PROPERTY TENURE-LEASEHOLD RESIDENTIAL PROPERTY |
| 856 41 - ELECTRONIC LOCATION AND ACCESS | |
| Uniform Resource Identifier | <a href="https://www.rics.org/RICSWEB/getpage.aspx?p=z6LTgiFQX0W9D_-shHz4rA">https://www.rics.org/RICSWEB/getpage.aspx?p=z6LTgiFQX0W9D_-shHz4rA</a> |
| Public note | View the item free of charge at www.rics.org... |
| 942 ## - ADDED ENTRY ELEMENTS (KOHA) | |
| Suppress in OPAC | 0 |
| Withdrawn status | Lost status | Source of classification or shelving scheme | Damaged status | Not for loan | Home library | Current library | Shelving location | Date acquired | Total Checkouts | Full call number | Barcode | Date last seen | Copy number | Price effective from | Koha item type |
|---|---|---|---|---|---|---|---|---|---|---|---|---|---|---|---|
| Dewey Decimal Classification | London | London | RICS Boxes | 19/06/2006 | RICS 2004/42 | 30071134 | 06/08/2019 | 1 | 06/08/2019 | Archive | |||||
| Dewey Decimal Classification | London | London | RICS Boxes | 19/06/2006 | RICS 2004/42 | 30071130 | 06/08/2019 | 2 | 06/08/2019 | Reference material | |||||
| Dewey Decimal Classification | London | London | RICS Boxes | 18/09/2007 | RICS 2004/42 | 30071122 | 06/08/2019 | 4 | 06/08/2019 | Book | |||||
| Dewey Decimal Classification | Virtual | Virtual | Online | 18/09/2007 | ONLINE PUBLICATION | 133612-3001 | 06/08/2019 | 1 | 06/08/2019 | Book |